Statistiques concernant Les villes ayant accueilli les journées mondiales de la jeunesse

Cliquez ici pour prendre le quiz!

Statistiques générales

  • Ce quiz a été pris 30 fois
  • Le résultat moyen est 7 sur 15

Statistiques - réponses

HintRéponse% Correct
1997Paris
97%
2023Lisbonne
90%
2011Madrid
90%
2000Rome
87%
2013Rio de Janeiro
70%
1987Buenos Aires
57%
2008Sydney
53%
2016Cracovie
33%
1995Manille
27%
2002Toronto
23%
1993Denver
10%
2019Panama
10%
1989Saint-Jacques-de-Compostelle
7%
2005Cologne
3%
1991Częstochowa
3%

Distribution des résultats

Percentile par nombre de réponses

% des personnes avec chaque résultat

Votre développement - résultats

Vous n’avez pas pris ce quiz